00649nam a2200193 a 450000100060000000300080000600500170001400800410003102000150007203500190008704000260010604100080013208200270014024500800016726000750024730000320032265000570035471000440041137359BD-RjUL20211209052613.0141203s2004 ii a|||| |||| 00| 0 eng d a8186623809 a(BD-RjUL)37462 aBD-RjULbengcBD-RjUL aeng 219a 615.321bCOM 2004 aCompendium of medicinal plants /cby NIIR Board of Consultants & Engineers. aDelhi, India : bNational Institute of Industrial Research,c [2004?]. a 444 p. :b ill. ;c 22 cm. 2 Medicinal plants xHandbooks, manuals, etc.zIndia  a NIIR Board of Consultants & Engineers.